000 01086nam a22002657a 4500
003 UA-OsUOA
001 115352
007 ta
008 20151218b un ||||| |||| 00| 0 ukr d
100 _aШерр Д.
090 _a321(470+571)
_bШ49
942 _cBK
040 _aUA-OsUOA
_brus
_cUA-OsUOA
_dUA-OsUOA
245 _aЖесткая дипломатия и мягкое принуждение: влияние России за рубежом
300 _a152 с.
955 _a1
041 _arus
080 _a321(470+571)
020 _a978-966-2050-01-1
591 _aПопелюшко В. О.
520 3 _aЗмыст1. Основополагающие принципы2. Генезис идей3. Интересы России в постсоветскую эпоху4. Методы влияния5. Возможности приобретенные и утраченные
260 _aК.
_bЗаповіт
_c2013
650 7 _a321 Форми політичних організацій. Держави як політичні влади
_2UDC
999 _c401490
_d401490